<?xml version="1.0" encoding="UTF-8"?>
<record
    xmlns:xsi="http://www.w3.org/2001/XMLSchema-instance"
    xsi:schemaLocation="http://www.loc.gov/MARC21/slim http://www.loc.gov/standards/marcxml/schema/MARC21slim.xsd"
    xmlns="http://www.loc.gov/MARC21/slim">

  <leader>00712nam a2200205Ia 4500</leader>
  <controlfield tag="003">OSt</controlfield>
  <controlfield tag="005">20250305121556.0</controlfield>
  <controlfield tag="008">210210b1999   xxu||||| |||| 00| 0 eng d</controlfield>
  <datafield tag="040" ind1=" " ind2=" ">
    <subfield code="c">AL</subfield>
  </datafield>
  <datafield tag="041" ind1=" " ind2=" ">
    <subfield code="a">Kannada</subfield>
  </datafield>
  <datafield tag="082" ind1=" " ind2=" ">
    <subfield code="a">K894.1 PRAP</subfield>
  </datafield>
  <datafield tag="100" ind1=" " ind2=" ">
    <subfield code="a">PRABHAKARA (A S)</subfield>
    <subfield code="d">&#xCAA;&#xCCD;&#xCB0;&#xCAD;&#xCBE;&#xC95;&#xCB0; (&#xC8E; &#xC8E;&#xCB8;&#xCCD; )</subfield>
    <subfield code="9">204255</subfield>
  </datafield>
  <datafield tag="245" ind1=" " ind2=" ">
    <subfield code="a">Palamma mattu sangadigaru hadida myasabedara kathanagalu.</subfield>
    <subfield code="b">&#xCAA;&#xCBE;&#xCB2;&#xCAE;&#xCCD;&#xCAE; &#xCAE;&#xCA4;&#xCCD;&#xCA4;&#xCC1; &#xCB8;&#xC82;&#xC97;&#xCA1;&#xCBF;&#xC97;&#xCB0;&#xCC1; &#xCB9;&#xCBE;&#xCA1;&#xCBF;&#xCA6; &#xCAE;&#xCCD;&#xCAF;&#xCBE;&#xCB8;&#xCAC;&#xCC7;&#xCA1;&#xCB0; &#xC95;&#xCA5;&#xCA8;&#xC97;&#xCB3;&#xCC1;</subfield>
  </datafield>
  <datafield tag="260" ind1=" " ind2=" ">
    <subfield code="a">Hampi</subfield>
    <subfield code="b">Kannada Vishvavidyalaya</subfield>
    <subfield code="c">1999</subfield>
  </datafield>
  <datafield tag="300" ind1=" " ind2=" ">
    <subfield code="a">xii,175</subfield>
  </datafield>
  <datafield tag="650" ind1=" " ind2=" ">
    <subfield code="a">Palamma Myasabedara</subfield>
    <subfield code="9">204256</subfield>
  </datafield>
  <datafield tag="690" ind1=" " ind2=" ">
    <subfield code="a">Kannada Poetry</subfield>
    <subfield code="9">204257</subfield>
  </datafield>
  <datafield tag="906" ind1=" " ind2=" ">
    <subfield code="a">SG03469</subfield>
  </datafield>
  <datafield tag="942" ind1=" " ind2=" ">
    <subfield code="2">ddc</subfield>
    <subfield code="c">SG</subfield>
  </datafield>
  <datafield tag="999" ind1=" " ind2=" ">
    <subfield code="c">113989</subfield>
    <subfield code="d">113989</subfield>
  </datafield>
  <datafield tag="952" ind1=" " ind2=" ">
    <subfield code="0">0</subfield>
    <subfield code="1">0</subfield>
    <subfield code="2">ddc</subfield>
    <subfield code="4">0</subfield>
    <subfield code="7">0</subfield>
    <subfield code="8">KAN</subfield>
    <subfield code="a">AL</subfield>
    <subfield code="b">AL</subfield>
    <subfield code="d">2021-02-17</subfield>
    <subfield code="e">Athree Book Centre, Mangalore-01.</subfield>
    <subfield code="g">90.00</subfield>
    <subfield code="l">0</subfield>
    <subfield code="o">K894.1 PRAP</subfield>
    <subfield code="p">SG03469</subfield>
    <subfield code="r">2021-02-17 00:00:00</subfield>
    <subfield code="w">2021-02-17</subfield>
    <subfield code="y">SG</subfield>
  </datafield>
</record>
